| 000 | 01325cam a2200253Ia 4500 | ||
|---|---|---|---|
| 020 | _a9789251061381 | ||
| 020 | _a9251061386 | ||
| 040 | _cBTCTA | ||
| 082 | _a388 RUR 2009 A019 Or. | ||
| 100 | 1 | _aCrossley, Peter | |
| 245 | 1 | 0 | _aRural transport and traction enterprises for improved livelihoods / |
| 246 | 3 | _aRural transport & traction enterprises for improved livelihoods | |
| 260 |
_aRome : _bRural Infrastructure and Agro-Industries Division, Food and Agriculture Organization of the United Nations, _c2009 |
||
| 300 |
_avii, 92 p. : _bill. ; _c21 cm |
||
| 520 | _aThis booklet focuses on promoting transport and traction services as viable diversification enterprises for smallholder farmers and other in rural areas. It considers the benefits that can arise from such enterprises, not only for smallholders themselves, but also to local communities in overall terms through increased productivity, improved and faster marketing, better mobility and reduced drudgery.--Publisher's description | ||
| 650 | 0 | _aRural transportation | |
| 650 | 0 | _aAnimal traction | |
| 650 | 0 | _aInfrastructure (Economics) | |
| 700 | 1 | _aChamen, Tim | |
| 700 | 1 | _aKienzle, Josef | |
| 710 | 2 | _aFood and Agriculture Organization of the United Nations. | |
| 856 | 1 | 1 | _uftp://ftp.fao.org/docrep/fao/011/i0525e/i0525e.pdf |
| 942 | _cEK | ||
| 999 |
_c12222 _d12222 |
||